[Event "HUN-chT2 Szechenyi 1819"]
[Site "Hungary"]
[Date "2018.12.02"]
[Round "3.6"]
[White "Nemeth, Jozsef"]
[Black "Bencze, Balazs Dominik"]
[Result "1-0"]
[WhiteElo "1983"]
[BlackElo "1773"]
[PlyCount "65"]
[EventDate "2018.10.28"]
[EventType "team-tourn"]
[EventRounds "9"]
[EventCountry "HUN"]
[SourceTitle "EXT 2021"]
[Source "ChessBase"]
[SourceDate "2020.10.23"]
[SourceVersion "1"]
[SourceVersionDate "2020.10.23"]
[SourceQuality "1"]
[WhiteTeam "Csuti Baki Agrocentrum"]
[BlackTeam "Tapolca VSE II"]
[WhiteTeamCountry "HUN"]
[BlackTeamCountry "HUN"]

1. d4 d5 2. c4 c6 3. Nc3 Nf6 4. Nf3 Bf5 5. e3 e6 6. Be2 Bd6 7. Nh4 Bg6 8. Nxg6 hxg6 9. h3 Nbd7 10. b3 Qa5 11. Bd2 Qd8 12. Qc2 b6 13. e4 Be7 14. Bf3 dxe4 15. Nxe4 Rc8 16. Bc3 Nxe4 17. Qxe4 Nf6 18. Qe2 Qc7 19. 0-0 Rh4 20. Rac1 g5 21. Qe5 Qxe5 22. dxe5 Ne4 23. g3 Nxg3 24. fxg3 Rxh3 25. Kg2 Rh6 26. Rh1 c5 27. Rcd1 a5 28. Bb7 Rc7 29. Ba6 Ra7 30. Bb5+ Kf8 31. Rhf1 g6 32. Rd3 Rh8 33. Rfd1 1-0

[Event "HUN-chT2 Szechenyi 1718"]
[Site "Hungary"]
[Date "2018.05.06"]
[Round "9"]
[White "Bencze, Balazs Dominik"]
[Black "Nyuli, Leila"]
[Result "1-0"]
[WhiteElo "1554"]
[BlackElo "1218"]
[PlyCount "67"]
[EventDate "2017.10.29"]
[EventType "team-tourn"]
[EventRounds "9"]
[EventCountry "HUN"]
[SourceTitle "EXT 2021"]
[Source "ChessBase"]
[SourceDate "2020.10.23"]
[SourceVersion "1"]
[SourceVersionDate "2020.10.23"]
[SourceQuality "1"]
[WhiteTeam "Tapolca VSE II"]
[BlackTeam "Haladas Szombathely III"]
[WhiteTeamCountry "HUN"]
[BlackTeamCountry "HUN"]

1. e4 e5 2. d4 d6 3. Nf3 Nf6 4. dxe5 Nxe4 5. exd6 Qxd6 6. Bd3 Nf6 7. 0-0 Be7 8. Nc3 a6 9. Re1 0-0 10. Bg5 Nc6 11. Bxf6 Bxf6 12. Ne4 Qf4 13. Nxf6+ Qxf6 14. c3 Bg4 15. Be4 Rab8 16. Qc2 Kh8 17. Re3 Rfe8 18. Rae1 Bd7 19. h4 Ne5 20. Nxe5 Rxe5 21. g3 b5 22. f4 Re7 23. b4 Rbe8 24. Qd3 Qd6 25. Qxd6 cxd6 26. Kf2 g6 27. Bb7 Rxe3 28. Rxe3 Rb8 29. Bd5 Rf8 30. Re7 Be8 31. Ra7 f5 32. Rxa6 Rf6 33. Ra8 Rf8 34. Bc6 1-0

[Event "HUN-chT2 Szechenyi 1718"]
[Site "Hungary"]
[Date "2018.03.25"]
[Round "8.8"]
[White "Gombocz, Zsofia"]
[Black "Bencze, Balazs Dominik"]
[Result "1-0"]
[WhiteElo "1868"]
[BlackElo "1554"]
[PlyCount "109"]
[EventDate "2017.10.29"]
[EventType "team-tourn"]
[EventRounds "9"]
[EventCountry "HUN"]
[SourceTitle "EXT 2021"]
[Source "ChessBase"]
[SourceDate "2020.10.23"]
[SourceVersion "1"]
[SourceVersionDate "2020.10.23"]
[SourceQuality "1"]
[WhiteTeam "Sarvar"]
[BlackTeam "Tapolca VSE II"]
[WhiteTeamCountry "HUN"]
[BlackTeamCountry "HUN"]

1. e4 c5 2. Nf3 g6 3. d4 cxd4 4. Qxd4 f6 5. Nc3 Nc6 6. Qa4 Bg7 7. Bc4 a6 8. Bxg8 Rxg8 9. Be3 Rf8 10. Nd5 b5 11. Qa3 Rb8 12. Qc5 e6 13. Nb6 Rh8 14. Nxc8 Rxc8 15. 0-0-0 Bf8 16. Qb6 Qxb6 17. Bxb6 Nb4 18. c3 Nc6 19. Kb1 Nb8 20. e5 f5 21. Rd3 Bc5 22. Bxc5 Rxc5 23. Rhd1 Ke7 24. a3 Rd8 25. Kc2 Nc6 26. Re3 h6 27. g3 g5 28. b4 Rd5 29. Rxd5 exd5 30. Kd3 Ke6 31. h3 g4 32. hxg4 fxg4 33. Nd4+ Nxd4 34. Kxd4 Rf8 35. Re2 Rf3 36. Rc2 d6 37. exd6 Kxd6 38. Ra2 Kc6 39. a4 bxa4 40. Rxa4 Rxf2 41. Rxa6+ Kb5 42. Ra5+ Kb6 43. Rxd5 Rf3 44. Rd6+ Kb5 45. Rxh6 Rxg3 46. Rh5+ Kc6 47. c4 Rg1 48. Rh6+ Kb7 49. Kc5 Rf1 50. Rh7+ Kb8 51. b5 g3 52. Rg7 Rf5+ 53. Kb4 Rf3 54. c5 Rf4+ 55. Ka5 1-0

[Event "HUN-chT2 Szechenyi 1718"]
[Site "Hungary"]
[Date "2018.02.18"]
[Round "6.10"]
[White "Kiss, Laszlo3333"]
[Black "Bencze, Balazs Dominik"]
[Result "1/2-1/2"]
[WhiteElo "1763"]
[BlackElo "1554"]
[PlyCount "68"]
[EventDate "2017.10.29"]
[EventType "team-tourn"]
[EventRounds "9"]
[EventCountry "HUN"]
[SourceTitle "EXT 2021"]
[Source "ChessBase"]
[SourceDate "2020.10.23"]
[SourceVersion "1"]
[SourceVersionDate "2020.10.23"]
[SourceQuality "1"]
[WhiteTeam "Arboretum"]
[BlackTeam "Tapolca VSE II"]
[WhiteTeamCountry "HUN"]
[BlackTeamCountry "HUN"]

1. e4 c5 2. Nf3 Nc6 3. d4 cxd4 4. Nxd4 g6 5. c3 Bg7 6. Be3 e6 7. Be2 Nge7 8. Bf3 d5 9. 0-0 0-0 10. Nd2 Nxd4 11. Bxd4 e5 12. Bc5 d4 13. Nb3 b6 14. Bxe7 Qxe7 15. cxd4 exd4 16. e5 Bb7 17. Bxb7 Qxb7 18. Qxd4 Rad8 19. Qe3 Rfe8 20. Rad1 Qe7 21. Rxd8 Rxd8 22. Nd4 Qc5 23. Nf3 Qxe3 24. fxe3 Rd5 25. Kf2 Bxe5 26. Nxe5 Rxe5 27. Rc1 Rb5 28. b3 Kg7 29. Rc7 a6 30. Kf3 Kf6 31. Ke4 Ke6 32. Rc6+ Kd7 33. Rf6 Ke7 34. Rc6 Kd7 1/2-1/2

[Event "HUN-ch U14"]
[Site "Balatonlelle"]
[Date "2016.06.29"]
[Round "6"]
[White "Bencze, Balazs Dominik"]
[Black "Erseki, Aron"]
[Result "0-1"]
[WhiteElo "1614"]
[BlackElo "1640"]
[PlyCount "76"]
[EventDate "2016.06.24"]
[EventType "swiss"]
[EventRounds "7"]
[EventCountry "HUN"]
[SourceTitle "CBM 173 Extra"]
[Source "ChessBase"]
[SourceDate "2016.08.29"]
[SourceVersion "1"]
[SourceVersionDate "2016.08.29"]
[SourceQuality "1"]

1. e4 c5 2. Nf3 d6 3. d4 cxd4 4. Nxd4 Nf6 5. Nc3 g6 6. Bc4 Bg7 7. h3 Nc6 8. Be3 Bd7 9. Bb3 a6 10. 0-0 0-0 11. Qd2 Qc7 12. Rad1 Rac8 13. Bh6 Nxd4 14. Bxg7 Nxb3 15. Qh6 Nc5 16. Bxf8 Rxf8 17. Qe3 Bc6 18. f3 Qb6 19. b3 Bb5 20. Rfe1 Bc6 21. Nd5 Bxd5 22. exd5 Re8 23. Kh2 Ncd7 24. Qxb6 Nxb6 25. c4 a5 26. a4 Nfd7 27. Re3 Nc5 28. Rde1 Kf8 29. Kg3 e5 30. f4 e4 31. Kh4 Nd3 32. Rf1 Nd7 33. Kg3 N7c5 34. Rb1 f5 35. Re2 e3 36. Kf3 Ne4 37. Kxe3 Nc3+ 38. Kxd3 Nxe2 0-1

[Event "HUN-ch U14"]
[Site "Balatonlelle"]
[Date "2015.06.24"]
[Round "9"]
[White "Kaloczi, Kristof"]
[Black "Bencze, Balazs Dominik"]
[Result "0-1"]
[WhiteElo "1781"]
[BlackElo "1569"]
[PlyCount "50"]
[EventDate "2015.06.18"]
[EventType "swiss"]
[EventRounds "9"]
[EventCountry "HUN"]
[SourceTitle "CBM 167 Extra"]
[Source "ChessBase"]
[SourceDate "2015.09.14"]
[SourceVersion "1"]
[SourceVersionDate "2015.09.14"]
[SourceQuality "1"]

1. e4 c5 2. Nf3 d6 3. d4 cxd4 4. Nxd4 Nf6 5. Nc3 a6 6. Bg5 e6 7. f4 Be7 8. Qf3 Nc6 9. 0-0-0 Qc7 10. Nb3 Bd7 11. g4 0-0-0 12. Bh4 Kb8 13. Bg3 Ka8 14. Bg2 Na7 15. Rhe1 Bc6 16. Nd4 Rc8 17. Re2 Rhd8 18. f5 e5 19. Nb3 h6 20. h4 Nh7 21. Bh3 f6 22. Bf2 b5 23. Nd5 Bxd5 24. Rxd5 Nf8 25. Nd2 Qxc2# 0-1

[Event "HUN-ch U14"]
[Site "Balatonlelle"]
[Date "2015.06.18"]
[Round "1"]
[White "Bencze, Balazs Dominik"]
[Black "Bege, Mate"]
[Result "0-1"]
[WhiteElo "1569"]
[BlackElo "1999"]
[PlyCount "86"]
[EventDate "2015.06.18"]
[EventType "swiss"]
[EventRounds "9"]
[EventCountry "HUN"]
[SourceTitle "CBM 167 Extra"]
[Source "ChessBase"]
[SourceDate "2015.09.14"]
[SourceVersion "1"]
[SourceVersionDate "2015.09.14"]
[SourceQuality "1"]

1. e4 c5 2. Nf3 d6 3. d4 cxd4 4. Nxd4 Nf6 5. Nc3 Nc6 6. Bc4 g6 7. h3 Bg7 8. Be3 Bd7 9. a3 0-0 10. 0-0 Ne5 11. Bb3 Rc8 12. Qd2 Nc4 13. Bxc4 Rxc4 14. Rad1 Qc8 15. f3 a6 16. Rf2 b5 17. Nd5 Nxd5 18. exd5 Qb7 19. c3 Qxd5 20. Nb3 Qxd2 21. Rfxd2 Ra8 22. Bf2 a5 23. Re2 Bf6 24. Bd4 Bxd4+ 25. Rxd4 Be6 26. Re1 Kf8 27. Rxc4 bxc4 28. Nd4 Bd7 29. Kf2 e6 30. f4 Rb8 31. Re2 d5 32. Kg3 Ke7 33. h4 Kd6 34. Kf2 f6 35. Nf3 Re8 36. g3 e5 37. fxe5+ fxe5 38. Ng5 Rf8+ 39. Kg2 h6 40. Nf3 Bg4 41. Rf2 Bxf3+ 42. Rxf3 Rxf3 43. Kxf3 Kc5 0-1